[Event "GMI 90 ans"]
[Site "Paris"]
[Date "2015.??.??"]
[Round "5"]
[White "Barbot, Pierre"]
[Black "Lokander, Martin"]
[Result "1-0"]
[WhiteElo "2445"]
[BlackElo "2403"]
[PlyCount "67"]
[EventDate "2015.07.04"]
[EventType "tourn"]
[EventCountry "FRA"]

1. d4 Nf6 2. c4 c5 3. d5 e6 4. Nc3 exd5 5. cxd5 d6 6. Nf3 g6 7. Bf4 Bg7 8. Qa4+
Bd7 9. Qb3 b5 10. Bxd6 c4 11. Qd1 Bf5 12. Be5 Nbd7 13. Bd4 b4 14. e4 bxc3 15.
exf5 cxb2 16. Bxb2 O-O 17. Bxc4 Re8+ 18. Kf1 Rb8 19. Bd4 Ne4 20. fxg6 hxg6 21.
g3 Rb4 22. Bxg7 Kxg7 23. Bd3 Ndf6 24. Bxe4 Nxe4 25. Kg2 Qb6 26. Rf1 Rb2 27.
Qd4+ Qxd4 28. Nxd4 Rd8 29. Rae1 Nc3 30. Re7 Rxd5 31. Rc1 Kf8 32. Rxa7 Rxa2 33.
Rb7 Ne4 34. Ne6+ 1-0

[Event "GMI 90 ans"]
[Site "Paris"]
[Date "2015.??.??"]
[Round "6"]
[White "Sochacki, Christophe"]
[Black "Moussard, Jules"]
[Result "0-1"]
[WhiteElo "2427"]
[BlackElo "2475"]
[PlyCount "54"]
[EventDate "2015.07.04"]
[EventType "tourn"]
[EventCountry "FRA"]

1. d4 g6 2. c4 Bg7 3. Nc3 d6 4. g3 Nf6 5. Bg2 O-O 6. Nf3 c6 7. O-O Qa5 8. e4 e5
9. h3 Nbd7 10. Re1 exd4 11. Nxd4 Re8 12. Nc2 Ne5 13. Bf1 Be6 14. Nd4 Bxc4 15.
f4 Rad8 16. fxe5 dxe5 17. Bxc4 exd4 18. Ne2 d3 19. Be3 Rxe4 20. Nd4 Qe5 21. Bf2
Rdxd4 22. Qb3 d2 23. Rxe4 Nxe4 24. Bxf7+ Kf8 25. Bc4 Nxf2 26. Kxf2 Qc5 27. Kg2
Qxc4 0-1

[Event "GMI 90 ans"]
[Site "Paris"]
[Date "2015.??.??"]
[Round "6"]
[White "Guliyev, Namig"]
[Black "Loiseau, Quentin"]
[Result "1-0"]
[WhiteElo "2552"]
[BlackElo "2429"]
[PlyCount "103"]
[EventDate "2015.07.04"]
[EventType "tourn"]
[EventCountry "FRA"]

1. e4 e5 2. Nf3 Nc6 3. Bb5 a6 4. Ba4 Nf6 5. O-O Be7 6. d3 d6 7. c4 Nd7 8. Be3
Bf6 9. Nc3 Nc5 10. Bxc6+ bxc6 11. d4 Nd7 12. Qa4 Nb6 13. Qb3 exd4 14. Nxd4 c5
15. Nc6 Qd7 16. Na5 O-O 17. Rad1 Qg4 18. f3 Qg6 19. Qc2 Rb8 20. Ne2 h5 21. b3
Bd7 22. Nf4 Qh7 23. Qd2 Rfe8 24. a3 Qh8 25. b4 g6 26. Rc1 Na4 27. Nd5 Bb2 28.
Nxc7 Red8 29. Nxa6 Rb6 30. Nc7 Bxa3 31. Nd5 Rxb4 32. Bg5 Bxc1 33. Rxc1 Rb2 34.
Qd3 Kh7 35. Bf6 Qf8 36. Bxb2 Nxb2 37. Nf6+ Kh8 38. Qc3 Na4 39. Qa1 Qg7 40. Nxd7
Nb2 41. Rb1 Qd4+ 42. Kh1 Nd3 43. Qxd4+ cxd4 44. Nf6 Ne5 45. Rd1 Rb8 46. h4 Kg7
47. Nd5 d3 48. Ne3 Rb2 49. f4 Ng4 50. Nxg4 hxg4 51. Rxd3 Kh6 52. Kh2 1-0

[Event "GMI 90 ans"]
[Site "Paris"]
[Date "2015.??.??"]
[Round "6"]
[White "Gharamian, Tigran"]
[Black "Fedorchuk, Sergey A"]
[Result "1/2-1/2"]
[WhiteElo "2649"]
[BlackElo "2664"]
[PlyCount "43"]
[EventDate "2015.07.04"]
[EventType "tourn"]
[EventCountry "FRA"]

1. Nf3 Nf6 2. c4 b6 3. g3 Bb7 4. Bg2 c5 5. O-O g6 6. d4 cxd4 7. Qxd4 Bg7 8. Nc3
d6 9. Rd1 Nbd7 10. Be3 a6 11. Rac1 Rb8 12. b3 Ba8 13. h3 O-O 14. Qh4 Re8 15. g4
Nf8 16. g5 Nh5 17. Nd4 Bxg2 18. Kxg2 Qc8 19. Qe4 Rb7 20. Nd5 Kh8 21. Nb4 Qa8
22. Kg1 1/2-1/2

[Event "GMI 90 ans"]
[Site "Paris"]
[Date "2015.??.??"]
[Round "6"]
[White "Barbot, Pierre"]
[Black "Kambrath, Yannick"]
[Result "1-0"]
[WhiteElo "2445"]
[BlackElo "2399"]
[PlyCount "101"]
[EventDate "2015.07.04"]
[EventType "tourn"]
[EventCountry "FRA"]

1. d4 Nf6 2. c4 e6 3. Nf3 Bb4+ 4. Nbd2 O-O 5. a3 Be7 6. e4 d6 7. Bd3 e5 8. O-O
exd4 9. Nxd4 Nc6 10. Nxc6 bxc6 11. Nb3 Re8 12. Na5 Bd7 13. h3 h6 14. Qf3 Nh7
15. e5 Ng5 16. Bxg5 Bxg5 17. Nxc6 Bxc6 18. Qxc6 dxe5 19. Rad1 Qe7 20. Bf5 Red8
21. Bd7 e4 22. Qxc7 Rac8 23. Qxc8 Rxc8 24. Bxc8 Qc5 25. Bb7 Qxc4 26. Bd5 Qc2
27. Rde1 e3 28. fxe3 Bf6 29. b3 Qd2 30. Bc4 a5 31. a4 Qd6 32. Rd1 Qe7 33. Rf3
Kh7 34. Kh1 Qc7 35. e4 h5 36. Bxf7 h4 37. Bc4 Kh6 38. Rd5 Qe7 39. e5 Bg5 40. e6
Qb4 41. Re5 Qd6 42. Rxa5 Qd4 43. Rd5 Qe4 44. Rf1 Qe3 45. a5 Qg3 46. Rd3 Qe5 47.
a6 Qc5 48. Rd5 Qe3 49. Rd3 Qc5 50. Rd7 Be3 51. a7 1-0

[Event "GMI 90 ans"]
[Site "Paris"]
[Date "2015.??.??"]
[Round "6"]
[White "Lokander, Martin"]
[Black "Rakotomaharo, Fy Antenaima"]
[Result "1-0"]
[WhiteElo "2403"]
[BlackElo "2450"]
[PlyCount "47"]
[EventDate "2015.07.04"]
[EventType "tourn"]
[EventCountry "FRA"]

1. d4 Nf6 2. Bg5 Ne4 3. h4 c5 4. d5 Qb6 5. Nd2 Nxg5 6. hxg5 e5 7. e3 d6 8. f4
exf4 9. exf4 Qxb2 10. Ngf3 Be7 11. Rb1 Qa3 12. Nc4 Qc3+ 13. Kf2 g6 14. Rb3 Qg7
15. Qe1 Kf8 16. Re3 f5 17. Nxd6 Na6 18. Ne8 Qf7 19. d6 Bd8 20. Nf6 Bxf6 21.
gxf6 Qxf6 22. Re8+ Kg7 23. Re7+ Kf8 24. Bc4 1-0

[Event "GMI 90 ans"]
[Site "Paris"]
[Date "2015.??.??"]
[Round "7"]
[White "Kambrath, Yannick"]
[Black "Lokander, Martin"]
[Result "1-0"]
[WhiteElo "2399"]
[BlackElo "2403"]
[PlyCount "203"]
[EventDate "2015.07.04"]
[EventType "tourn"]
[EventCountry "FRA"]

1. d4 d5 2. c4 dxc4 3. e3 e5 4. Bxc4 exd4 5. exd4 Nf6 6. Nf3 Be7 7. O-O O-O 8.
h3 Nc6 9. a3 Bf5 10. Nc3 Ne4 11. Re1 Nxc3 12. bxc3 Bd6 13. Bd3 Qd7 14. Qc2 Bxd3
15. Qxd3 Rfe8 16. Be3 Ne7 17. c4 c6 18. Rab1 Rab8 19. Red1 Ng6 20. a4 Nf4 21.
Bxf4 Bxf4 22. g3 Bc7 23. Ng5 g6 24. h4 Ba5 25. Qf3 Bd8 26. Ne4 Be7 27. h5 b6
28. d5 cxd5 29. cxd5 Qf5 30. Qxf5 gxf5 31. Nc3 Bc5 32. Kg2 Kg7 33. Kf3 Rbd8 34.
Rd2 Kh6 35. Kf4 Bd6+ 36. Kxf5 Re5+ 37. Kg4 Rxh5 38. f4 Bf8 39. Rb5 f5+ 40. Kf3
Rh1 41. Rb1 Rxb1 42. Nxb1 Bb4 43. Rd4 Bc5 44. Rd3 Kg7 45. Nd2 Kf6 46. Nc4 a6
47. Ne5 Bd6 48. Nc6 Re8 49. Rb3 Bc5 50. Rc3 Bd6 51. Nd4 Bc5 52. Ne6 Rb8 53.
Nxc5 bxc5 54. Rxc5 Rb3+ 55. Kg2 Rd3 56. Ra5 Ke7 57. Rxa6 Rxd5 58. a5 Kf7 59.
Kh3 Rd3 60. Rb6 Ra3 61. a6 Kg7 62. Kh4 h6 63. Rb7+ Kg6 64. Rb6+ Kg7 65. Rc6 Ra1
66. Kh3 Ra2 67. Rc7+ Kg6 68. Ra7 Kf6 69. Ra8 Kg6 70. a7 Kh5 71. Rf8 Rxa7 72.
Rxf5+ Kg6 73. Rb5 Ra1 74. Kg4 Ra3 75. Rb6+ Kg7 76. Kh4 Ra1 77. Rb7+ Kg6 78.
Rb6+ Kg7 79. Rb3 Rh1+ 80. Kg4 Kf7 81. Rd3 Rh2 82. Kf5 Rh5+ 83. Ke4 Ra5 84. Rd5
Ra3 85. g4 Ra7 86. Ke5 Re7+ 87. Kf5 Ra7 88. Rb5 Rc7 89. Rb6 Rc5+ 90. Ke4 Kg7
91. Rd6 Ra5 92. Rd5 Ra7 93. Rd6 Re7+ 94. Kf5 Rf7+ 95. Ke5 Ra7 96. Ke6 Ra4 97.
Rd7+ Kg8 98. Kf5 Ra5+ 99. Kg6 Ra6+ 100. Kh5 Rf6 101. f5 Kh8 102. Re7 1-0

[Event "GMI 90 ans"]
[Site "Paris"]
[Date "2015.??.??"]
[Round "7"]
[White "Loiseau, Quentin"]
[Black "Sochacki, Christophe"]
[Result "0-1"]
[WhiteElo "2429"]
[BlackElo "2427"]
[PlyCount "67"]
[EventDate "2015.07.04"]
[EventType "tourn"]
[EventCountry "FRA"]

1. d4 Nc6 2. d5 Ne5 3. e4 e6 4. f4 exd5 5. fxe5 Qh4+ 6. g3 Qxe4+ 7. Qe2 Qxh1 8.
Nf3 b6 9. Bf4 Ba6 10. Qxa6 Qxf3 11. Nd2 Qh5 12. Qb7 Rd8 13. Qxc7 Ne7 14. h4 Nc6
15. Be2 Qf5 16. Bd3 Qg4 17. Be2 Qe6 18. c4 Bb4 19. Rd1 O-O 20. a3 Bc5 21. b4
Bd4 22. cxd5 Qxd5 23. Nf3 Qe4 24. b5 Bc3+ 25. Kf1 Nd4 26. Rxd4 Bxd4 27. Qc4
Qb1+ 28. Kg2 Bc5 29. Bd3 Qb2+ 30. Kh3 d5 31. exd6 Bxd6 32. Bg5 Rde8 33. Qd5 Qf2
34. Bf6 0-1

[Event "GMI 90 ans"]
[Site "Paris"]
[Date "2015.??.??"]
[Round "7"]
[White "Fedorchuk, Sergey A"]
[Black "Guliyev, Namig"]
[Result "1/2-1/2"]
[WhiteElo "2664"]
[BlackElo "2552"]
[PlyCount "25"]
[EventDate "2015.07.04"]
[EventType "tourn"]
[EventCountry "FRA"]

1. e4 c5 2. Nf3 d6 3. Bb5+ Bd7 4. Bxd7+ Qxd7 5. O-O Nf6 6. Re1 Nc6 7. c3 e6 8.
d4 cxd4 9. cxd4 d5 10. e5 Ne4 11. Nbd2 Nxd2 12. Bxd2 Be7 13. h3 1/2-1/2

[Event "GMI 90 ans"]
[Site "Paris"]
[Date "2015.??.??"]
[Round "7"]
[White "Rakotomaharo, Fy Antenaima"]
[Black "Gharamian, Tigran"]
[Result "0-1"]
[WhiteElo "2450"]
[BlackElo "2649"]
[PlyCount "94"]
[EventDate "2015.07.04"]
[EventType "tourn"]
[EventCountry "FRA"]

1. d4 d6 2. c4 e5 3. dxe5 dxe5 4. Qxd8+ Kxd8 5. Nf3 f6 6. Nc3 c6 7. Rg1 Be6 8.
e3 Nh6 9. Bd2 Nd7 10. O-O-O Kc7 11. h3 Nf7 12. g4 Nd6 13. b3 a5 14. Ne1 a4 15.
Kb2 Be7 16. Nd3 axb3 17. axb3 e4 18. Nf4 Bf7 19. Be2 g5 20. Nh5 Bxh5 21. gxh5
f5 22. b4 Ne5 23. Kb3 Ndf7 24. Na4 Ra7 25. Bc3 Rha8 26. Ra1 b6 27. Rgd1 Bf6 28.
Bb2 h6 29. c5 b5 30. Nb6 Rxa1 31. Bxa1 Rd8 32. Bd4 Bh8 33. Ra1 Kb7 34. Kc3 Nf3
35. Bxf3 exf3 36. Bxh8 Rxh8 37. Rd1 Ne5 38. e4 fxe4 39. Re1 Nd3 40. Rxe4 Nxf2
41. Re7+ Ka6 42. Rf7 Nxh3 43. Rxf3 g4 44. Rg3 Rg8 45. Nd7 Nf4 46. Nf6 Rf8 47.
Rxg4 Rxf6 0-1

[Event "GMI 90 ans"]
[Site "Paris"]
[Date "2015.??.??"]
[Round "7"]
[White "Moussard, Jules"]
[Black "Barbot, Pierre"]
[Result "1-0"]
[WhiteElo "2475"]
[BlackElo "2445"]
[PlyCount "125"]
[EventDate "2015.07.04"]
[EventType "tourn"]
[EventCountry "FRA"]

1. e4 c5 2. Nf3 Nc6 3. Bb5 Nf6 4. Bxc6 dxc6 5. d3 g6 6. h3 Bg7 7. Nc3 e5 8. Be3
Qe7 9. Qd2 Nd7 10. a3 O-O 11. Bh6 Rd8 12. O-O Nf8 13. Bxg7 Kxg7 14. Qe3 Ne6 15.
Nxe5 Nd4 16. Qg3 f6 17. Nf3 Nxc2 18. Rac1 Nd4 19. Nxd4 Rxd4 20. Ne2 Rd7 21. f4
Qd6 22. Rf3 Re7 23. Qf2 b6 24. Rf1 f5 25. e5 Qd5 26. h4 h5 27. Qg3 Kh7 28. Qg5
Rg7 29. Kh2 Ba6 30. Rd1 Qd8 31. Qg3 Rd7 32. Re3 Qe7 33. Ng1 Bc4 34. Nf3 Be6 35.
Ng5+ Kg7 36. Qf3 Rd5 37. Rc1 Rd4 38. Qxc6 Bd5 39. Qd6 Re8 40. Qf6+ Kh6 41. Qxe7
Rxe7 42. g3 Kg7 43. Kg1 a5 44. Kf2 Kf8 45. Rc3 Ke8 46. Re1 Kd7 47. Ke3 Kc6 48.
Nh3 Be6 49. Ng1 a4 50. Ne2 Rd8 51. Rec1 Kb5 52. d4 c4 53. R3c2 Red7 54. Nc3+
Ka5 55. Rd2 b5 56. d5 Bxd5 57. Rcd1 Bc6 58. Rxd7 Rxd7 59. Rxd7 Bxd7 60. Kd4 b4
61. Nd5 c3 62. axb4+ Kb5 63. Kxc3 1-0

[Event "GMI 90 ans"]
[Site "Paris"]
[Date "2015.??.??"]
[Round "8"]
[White "Lokander, Martin"]
[Black "Gharamian, Tigran"]
[Result "1/2-1/2"]
[WhiteElo "2403"]
[BlackElo "2649"]
[PlyCount "44"]
[EventDate "2015.07.04"]
[EventType "tourn"]
[EventCountry "FRA"]

1. d4 e6 2. c4 Nf6 3. Nf3 d5 4. Nc3 c5 5. cxd5 Nxd5 6. e4 Nxc3 7. bxc3 cxd4 8.
cxd4 Bb4+ 9. Bd2 Bxd2+ 10. Qxd2 O-O 11. Bc4 Nc6 12. O-O b6 13. Rfe1 Bb7 14.
Rad1 h6 15. Qf4 Qf6 16. Qe3 Rac8 17. d5 exd5 18. Bxd5 Qe7 19. e5 Nb4 20. Bxb7
Qxb7 21. Qb3 Nc6 22. Nh4 Rcd8 1/2-1/2

[Event "GMI 90 ans"]
[Site "Paris"]
[Date "2015.??.??"]
[Round "8"]
[White "Kambrath, Yannick"]
[Black "Moussard, Jules"]
[Result "0-1"]
[WhiteElo "2399"]
[BlackElo "2475"]
[PlyCount "72"]
[EventDate "2015.07.04"]
[EventType "tourn"]
[EventCountry "FRA"]

1. d4 Nf6 2. c4 c5 3. d5 a6 4. a4 g6 5. Nc3 Bg7 6. e4 O-O 7. Bd3 d6 8. h3 e5 9.
g4 Kh8 10. Bg5 Qe8 11. Nge2 Ng8 12. Qd2 f5 13. gxf5 gxf5 14. exf5 Ne7 15. f6
Bxf6 16. Bh6 Rf7 17. Ng3 Ng8 18. Nce4 Be7 19. Be3 Qf8 20. h4 Bg4 21. Ng5 Rg7
22. Be4 Nf6 23. Bc2 Qc8 24. Qd3 Nbd7 25. N3e4 Nxe4 26. Qxe4 Nf6 27. Qd3 b5 28.
f3 Bxf3 29. Nxf3 e4 30. Qc3 b4 31. Qb3 exf3 32. O-O-O Ng4 33. Bh6 Nxh6 34. Qd3
Ng4 35. Qxf3 Qf8 36. Bf5 Nh6 0-1

[Event "GMI 90 ans"]
[Site "Paris"]
[Date "2015.??.??"]
[Round "8"]
[White "Barbot, Pierre"]
[Black "Loiseau, Quentin"]
[Result "1/2-1/2"]
[WhiteElo "2445"]
[BlackElo "2429"]
[PlyCount "51"]
[EventDate "2015.07.04"]
[EventType "tourn"]
[EventCountry "FRA"]

1. d4 Nf6 2. Nf3 g6 3. c4 Bg7 4. Nc3 d5 5. cxd5 Nxd5 6. e4 Nxc3 7. bxc3 c5 8.
Rb1 O-O 9. Be2 cxd4 10. cxd4 Qa5+ 11. Bd2 Qxa2 12. O-O Bg4 13. Rxb7 Bxf3 14.
Bxf3 Bxd4 15. Bg5 Rd8 16. Qc1 Na6 17. Bxe7 Rac8 18. Qf4 Nc5 19. Bxd8 Nxb7 20.
Bf6 Bxf6 21. Qxf6 Qa3 22. e5 Rc1 23. Bxb7 Rxf1+ 24. Kxf1 Qc1+ 25. Ke2 Qb2+ 26.
Ke3 1/2-1/2

[Event "GMI 90 ans"]
[Site "Paris"]
[Date "2015.??.??"]
[Round "8"]
[White "Sochacki, Christophe"]
[Black "Fedorchuk, Sergey A"]
[Result "1/2-1/2"]
[WhiteElo "2427"]
[BlackElo "2664"]
[PlyCount "135"]
[EventDate "2015.07.04"]
[EventType "tourn"]
[EventCountry "FRA"]

1. e4 c5 2. Nf3 e6 3. g3 Nc6 4. Bg2 Nf6 5. Qe2 d6 6. O-O Bd7 7. c3 Be7 8. d4
cxd4 9. cxd4 d5 10. e5 Ne4 11. Rd1 Rc8 12. Be3 Na5 13. Ne1 Nc4 14. Nd3 h6 15.
Bc1 O-O 16. b3 Na5 17. Bb2 Bb5 18. f3 Ng5 19. Nc3 Ba6 20. f4 Nh7 21. Rac1 Nc6
22. Qf2 Qa5 23. Nc5 Nxd4 24. b4 Bxc5 25. bxa5 Nf5 26. Qxc5 Rxc5 27. Ba3 Rfc8
28. Bxc5 Rxc5 29. Nxd5 Rxc1 30. Rxc1 exd5 31. Bxd5 Nf8 32. Rb1 Ne6 33. Bxb7 Bd3
34. Rd1 Be2 35. Rd2 Bc4 36. Be4 g6 37. g4 Ne3 38. f5 Ng5 39. Rd8+ Kg7 40. f6+
Kh7 41. Bg2 Ne6 42. Rd7 Nf4 43. Rxa7 Nexg2 44. a6 g5 45. Rc7 Ne3 46. Kf2 Nxg4+
47. Kg3 Nxe5 48. a7 Nh5+ 49. Kf2 Bd5 50. Kf1 Nf4 51. Re7 Ng4 52. Rxf7+ Kg6 53.
Rf8 Nxh2+ 54. Kg1 Nf3+ 55. Kf2 Ne5 56. a4 h5 57. a8=Q Bxa8 58. Rxa8 h4 59. a5
g4 60. Rg8+ Kf7 61. a6 g3+ 62. Kf1 Kxg8 63. a7 g2+ 64. Kf2 h3 65. a8=Q+ Kf7 66.
Qa7+ Kxf6 67. Kg3 Ne2+ 68. Kxh3 1/2-1/2

[Event "GMI 90 ans"]
[Site "Paris"]
[Date "2015.??.??"]
[Round "8"]
[White "Guliyev, Namig"]
[Black "Rakotomaharo, Fy Antenaima"]
[Result "1-0"]
[WhiteElo "2552"]
[BlackElo "2450"]
[PlyCount "79"]
[EventDate "2015.07.04"]
[EventType "tourn"]
[EventCountry "FRA"]

1. e4 c5 2. Nf3 d6 3. d4 cxd4 4. Nxd4 Nf6 5. Nc3 g6 6. Be3 Bg7 7. Be2 Nc6 8.
Qd2 O-O 9. O-O-O Nxd4 10. Bxd4 Be6 11. Kb1 Qa5 12. Bxf6 Bxf6 13. Nd5 Qxd2 14.
Nxf6+ Kg7 15. Nh5+ gxh5 16. Rxd2 h4 17. Re1 Rac8 18. f4 Rc5 19. b3 b5 20. Kb2
a5 21. f5 Bd7 22. Rf1 Kf6 23. Rf4 Rg8 24. Bf3 h3 25. g3 Rgc8 26. Rh4 Rc3 27.
Rf2 a4 28. Rxh3 b4 29. Rxh7 a3+ 30. Kc1 Bb5 31. Bh5 Be8 32. Bd1 Bc6 33. Rh4 Re3
34. Rh6+ Ke5 35. f6 exf6 36. Rf5+ Kd4 37. Rhxf6 Bxe4 38. Rxd6+ Kc3 39. Rxf7 Re1
40. Rf3+ 1-0

[Event "GMI 90 ans"]
[Site "Paris"]
[Date "2015.??.??"]
[Round "9"]
[White "Fedorchuk, Sergey A"]
[Black "Barbot, Pierre"]
[Result "0-1"]
[WhiteElo "2664"]
[BlackElo "2445"]
[PlyCount "94"]
[EventDate "2015.07.04"]
[EventType "tourn"]
[EventCountry "FRA"]

1. e4 c5 2. Nf3 Nc6 3. d4 cxd4 4. Nxd4 Nf6 5. Nc3 d6 6. Bg5 e6 7. Qd2 Be7 8.
O-O-O O-O 9. Nb3 a6 10. f4 b5 11. Bxf6 Bxf6 12. Qxd6 Qb6 13. Qc5 Qxc5 14. Nxc5
Bd4 15. Nd3 Bb7 16. Nb1 Na5 17. Re1 Nc4 18. b3 Nd6 19. c3 Rac8 20. Kb2 Rxc3 21.
Nxc3 Rc8 22. Kb1 Bxc3 23. Rc1 Bxe4 24. h4 b4 25. Rh3 Bf5 26. Re3 Ne4 27. Be2
Rd8 28. Rc2 Bd4 29. Rf3 a5 30. a4 Bg4 31. Kc1 Bxf3 32. Bxf3 Be3+ 33. Kb2 f5 34.
Bxe4 fxe4 35. Ne5 Bd4+ 36. Kc1 Bxe5 37. fxe5 e3 38. g4 Rd3 39. h5 h6 40. Kb2
Kf7 41. Rg2 Rd5 42. Kc2 Rxe5 43. Kd1 e2+ 44. Ke1 Kf6 45. Rf2+ Kg5 46. Rf7 Kxg4
47. Rxg7+ Kxh5 0-1

[Event "GMI 90 ans"]
[Site "Paris"]
[Date "2015.??.??"]
[Round "9"]
[White "Moussard, Jules"]
[Black "Lokander, Martin"]
[Result "1/2-1/2"]
[WhiteElo "2475"]
[BlackElo "2403"]
[PlyCount "99"]
[EventDate "2015.07.04"]
[EventType "tourn"]
[EventCountry "FRA"]

1. g3 e5 2. Bg2 d5 3. d3 c6 4. e4 Nf6 5. Nd2 Bd6 6. Ne2 O-O 7. O-O Re8 8. Nc3
Bf8 9. h3 Na6 10. f4 exf4 11. gxf4 dxe4 12. dxe4 g6 13. e5 Nh5 14. Nde4 Qxd1
15. Rxd1 Nb4 16. Rd2 Be6 17. Re2 Red8 18. Be3 Nd5 19. Nxd5 Bxd5 20. Kh2 Be7 21.
Ng3 Nxg3 22. Kxg3 Bxg2 23. Kxg2 Rd5 24. Kf3 Bd8 25. c4 Rd7 26. Ree1 Bb6 27.
Rad1 Rad8 28. Rxd7 Rxd7 29. Bxb6 axb6 30. Re3 Rd4 31. Rc3 g5 32. fxg5 Rh4 33.
Kg3 Re4 34. Rb3 Rxe5 35. Rxb6 Rxg5+ 36. Kf4 Rh5 37. b3 Ra5 38. Rxb7 Rxa2 39.
Ke5 Re2+ 40. Kd4 f5 41. b4 f4 42. Rc7 f3 43. Rxc6 Kg7 44. Rc7+ Kg6 45. Rc6+ Kg7
46. Rc7+ Kg6 47. Rc8 Kg7 48. Rc5 Kg6 49. Rc8 Kg7 50. Rc7+ 1/2-1/2

[Event "GMI 90 ans"]
[Site "Paris"]
[Date "2015.??.??"]
[Round "9"]
[White "Loiseau, Quentin"]
[Black "Kambrath, Yannick"]
[Result "1/2-1/2"]
[WhiteElo "2429"]
[BlackElo "2399"]
[PlyCount "29"]
[EventDate "2015.07.04"]
[EventType "tourn"]
[EventCountry "FRA"]

1. Nf3 Nf6 2. c4 g6 3. Nc3 Bg7 4. e4 d6 5. d4 O-O 6. Be2 Nbd7 7. O-O e5 8. Be3
Qe7 9. Qc2 exd4 10. Nxd4 Re8 11. f3 c6 12. Bf2 Ne5 13. Rfe1 a6 14. Rad1 c5 15.
Nb3 1/2-1/2

[Event "GMI 90 ans"]
[Site "Paris"]
[Date "2015.??.??"]
[Round "9"]
[White "Rakotomaharo, Fy Antenaima"]
[Black "Sochacki, Christophe"]
[Result "1/2-1/2"]
[WhiteElo "2450"]
[BlackElo "2427"]
[PlyCount "95"]
[EventDate "2015.07.04"]
[EventType "tourn"]
[EventCountry "FRA"]

1. d4 d6 2. c4 e5 3. Nc3 exd4 4. Qxd4 Nc6 5. Qd2 Be6 6. b3 Nf6 7. e4 g6 8. Bb2
Bg7 9. Nf3 a5 10. a3 O-O 11. Be2 Re8 12. O-O Bd7 13. Bd3 Bg4 14. Ne1 Nd4 15. f3
Nxb3 16. Qd1 Nxa1 17. fxg4 Nxe4 18. Bxe4 Rxe4 19. Bxa1 Rxc4 20. Nd5 Qg5 21. Nf3
Qxg4 22. Bxg7 Kxg7 23. Qa1+ Kh6 24. Ne3 Qe4 25. Nxc4 Qxc4 26. Qf6 Re8 27. h4
Re4 28. Qh8 b5 29. Rf2 b4 30. axb4 axb4 31. g3 Qc3 32. Qf8+ Qg7 33. Qa8 f5 34.
Qa2 Qe7 35. Qd2+ Kg7 36. Kh2 c5 37. h5 Re3 38. Qb2+ Qf6 39. h6+ Kf7 40. Qd2 Qe7
41. Qd5+ Kf8 42. Qa8+ Kf7 43. Qh8 Ke6 44. Ra2 b3 45. Qg8+ Kf6 46. Qh8+ Ke6 47.
Qg8+ Kf6 48. Qh8+ 1/2-1/2

[Event "GMI 90 ans"]
[Site "Paris"]
[Date "2015.??.??"]
[Round "9"]
[White "Gharamian, Tigran"]
[Black "Guliyev, Namig"]
[Result "1/2-1/2"]
[WhiteElo "2649"]
[BlackElo "2552"]
[PlyCount "21"]
[EventDate "2015.07.04"]
[EventType "tourn"]
[EventCountry "FRA"]

1. e4 e5 2. Nf3 Nf6 3. Nxe5 d6 4. Nf3 Nxe4 5. d4 d5 6. Bd3 Bd6 7. O-O O-O 8. c4
c6 9. Re1 Bf5 10. Qc2 Bg6 11. cxd5 1/2-1/2